00544 2200217 4500001002100000005001700021008004100038035002400079082000800103090001500111100001900126245004400145250001100189260003500200300001900235650002400254850001200278980001500290985000600305999001500311YOGYA-0209000006127020090227035915.0 ind  0010-020900000061270 a823 a823bOrw B aORWELL, George aBurmese daysba novelcby George Orwell aCet. 1 aLondonbSecker & Warburgc1949 a287 hlmc18 cm aKesasteraan Inggris aYOPDYOG a14-03-2008 a1 aa000047989